000 01073nam a2200289Ia 4500
003 OSt
005 20221007125359.0
006 a|||||r|||| 00| 0
007 ta
008 221006b |||||||| |||| 00| 0 eng d
020 _a0198547668 (pbk)
_cRs.1,255.00
024 _a9964
037 _bDhanraj,
_cTextual
040 _aCDL
_cCDL
_beng
041 _2eng
_aeng
082 _aE9G:3,G7, N5
100 _aEvans Jeremy N S
_9721869
245 0 _aBiomolecular NMR spectroscopy by Jeremy N S Evans
260 _aOxford
_bOxford University Press
_c1995
300 _axvi, 444p
_ccm.
500 _aIncludes bibliographical references; Appendix 1-4, 418-437p; Index 439-444p; ^n23/CSL/CARC/2002-2003/376^d2002-09-25^mPurchase; ; 2002-03/301^b2002-10-24^c073^d2002-10-16^eRs.6,681.57^fDhanraj Book House; ; 2003-01-22^bSB^c2003-09-15^dRPS
650 _a Analytical
_9712745
650 _a Nuclear Magnetic Resonance
_9717123
650 _aBiochemistry
942 _hE9G:3,G7, N5
_cTEXL
_2CC
999 _c1215177
_d1215177